[Event "Titled Tuesday intern op 12th Mar Late"]
[Site "Chess.com INT"]
[Date "2024.03.12"]
[Round "9"]
[White "Stark, Lars"]
[Black "Cuevas Araya, Walter"]
[Result "1-0"]
[WhiteElo "2367"]
[BlackElo "2008"]
[PlyCount "69"]
[EventDate "2024.03.12"]
[EventType "swiss (blitz)"]
[EventRounds "11"]
[EventCountry "USA"]
[SourceTitle "CB12_2024"]
[SourceDate "2023.10.01"]
[SourceVersion "1"]
[SourceVersionDate "2023.10.01"]
[SourceQuality "1"]

1. c4 c5 2. g3 Nc6 3. Bg2 Nf6 4. Nc3 g6 5. a3 Bg7 6. Rb1 0-0 7. b4 cxb4 8. axb4 d6 9. d3 a5 10. bxa5 Qxa5 11. Bd2 Qd8 12. Nf3 h5 13. 0-0 h4 14. Nxh4 Ng4 15. Nd5 Ra2 16. Nf3 Be6 17. Rxb7 Bxd5 18. cxd5 Nce5 19. Nd4 Qa8 20. Rb4 Nf6 21. Nc6 Nxc6 22. dxc6 Qa7 23. Rb7 Qc5 24. Be3 Qe5 25. h3 d5 26. Bf4 Qe6 27. c7 Rxe2 28. Rb8 Ra2 29. Qb3 Ra8 30. Rc1 Rc8 31. Rxa8 Rxa8 32. Qb8+ Qc8 33. Qxa8 Qxa8 34. c8Q+ Qxc8 35. Rxc8+ 1-0

[Event "Titled Tuesday intern op 06th Feb Late"]
[Site "Chess.com INT"]
[Date "2024.02.06"]
[Round "8"]
[White "Stark, Lars"]
[Black "Chayka, Vitaliy"]
[Result "0-1"]
[WhiteElo "2367"]
[BlackElo "2102"]
[PlyCount "98"]
[EventDate "2024.02.06"]
[EventType "swiss (blitz)"]
[EventRounds "11"]
[EventCountry "USA"]
[SourceTitle "CB07_2024"]
[SourceDate "2024.02.14"]
[SourceVersion "1"]
[SourceVersionDate "2024.02.14"]
[SourceQuality "1"]

1. c4 d6 2. g3 e5 3. Bg2 Nf6 4. Nc3 Be7 5. e3 0-0 6. Nge2 c6 7. d4 Nbd7 8. 0-0 Qc7 9. b3 Re8 10. Ba3 Bf8 11. Qc2 g6 12. Rac1 exd4 13. Nxd4 Nc5 14. h3 Ne6 15. Nxe6 Bxe6 16. Rfd1 Rad8 17. e4 h5 18. Qd2 Qc8 19. Kh2 h4 20. g4 Bxg4 21. hxg4 Nxg4+ 22. Kg1 Bh6 23. f4 Qc7 24. Ne2 Qb6+ 25. Qd4 Qa5 26. Bb2 Ne5 27. Ra1 h3 28. fxe5 dxe5 29. Qc3 Qc5+ 30. Kh2 hxg2 31. Kxg2 Rxd1 32. Rxd1 Kg7 33. b4 Qe7 34. c5 a5 35. a3 axb4 36. axb4 Bg5 37. Rd6 Bf6 38. Qf3 Ra8 39. Rd2 Qe6 40. Qh3 Qe7 41. Rd7 Qe8 42. Rd2 Qe7 43. Bc3 Ra3 44. Qd7 Qf8 45. Qxb7 Qh8 46. Rd7 Ra2 47. Rxf7+ Kh6 48. Kf3 Kg5 49. Qd7 Qh1+ 0-1

[Event "Titled Tuesday intern op 06th Feb Late"]
[Site "Chess.com INT"]
[Date "2024.02.06"]
[Round "6"]
[White "Stark, Lars"]
[Black "Jarocka, Liwia"]
[Result "1-0"]
[WhiteElo "2367"]
[BlackElo "2199"]
[PlyCount "79"]
[EventDate "2024.02.06"]
[EventType "swiss (blitz)"]
[EventRounds "11"]
[EventCountry "USA"]
[SourceTitle "CB07_2024"]
[SourceDate "2024.02.14"]
[SourceVersion "1"]
[SourceVersionDate "2024.02.14"]
[SourceQuality "1"]

1. c4 Nf6 2. g3 g6 3. Bg2 Bg7 4. Nc3 d6 5. e3 0-0 6. Nge2 e5 7. 0-0 Nc6 8. d3 Re8 9. h3 Be6 10. Nd5 Qd7 11. Kh2 Bxd5 12. cxd5 Ne7 13. e4 c6 14. dxc6 Nxc6 15. Bg5 h6 16. Bxf6 Bxf6 17. Rc1 Rac8 18. Qb3 Bg7 19. Qb5 a6 20. Qb6 Qc7 21. Qxc7 Rxc7 22. Rc3 Rec8 23. Rfc1 Bf6 24. h4 g5 25. Bh3 Rd8 26. hxg5 hxg5 27. Bf5 Kg7 28. Kg2 Re7 29. a3 Ree8 30. b4 Rb8 31. Bd7 Red8 32. Bxc6 bxc6 33. g4 a5 34. Ng3 axb4 35. axb4 Rxb4 36. Nf5+ Kf8 37. Rxc6 Be7 38. Rh1 Bf6 39. Rc7 Kg8 40. Nh6+ 1-0

[Event "Titled Tuesday intern op 14th Nov Early"]
[Site "Chess.com INT"]
[Date "2023.11.14"]
[Round "10"]
[White "Suyarov, Mukhammadzokhid"]
[Black "Stark, Lars"]
[Result "1-0"]
[WhiteElo "2359"]
[BlackElo "2365"]
[PlyCount "61"]
[EventDate "2023.11.14"]
[EventType "swiss (blitz)"]
[EventRounds "11"]
[EventCountry "USA"]
[SourceTitle "CB47_2023"]
[SourceDate "2023.11.22"]
[SourceVersion "1"]
[SourceVersionDate "2023.11.22"]
[SourceQuality "1"]

1. e4 e6 2. d4 d5 3. Nc3 Nf6 4. e5 Nfd7 5. Nce2 c5 6. c3 cxd4 7. cxd4 f6 8. Nf4 Bb4+ 9. Bd2 Qb6 10. exf6 Nxf6 11. Nf3 0-0 12. Nd3 Bd6 13. Be2 Nc6 14. Be3 Ng4 15. 0-0 Nxe3 16. fxe3 Bd7 17. Qe1 Rae8 18. Qh4 e5 19. Qh5 g6 20. Qh6 Rf5 21. Ng5 Re7 22. g4 Rxf1+ 23. Rxf1 Qd8 24. Nxh7 Rxh7 25. Qxg6+ Rg7 26. Qxd6 exd4 27. Qxd5+ Kh8 28. Ne5 Be8 29. Rf8+ Kh7 30. Bd3+ Kh6 31. Rh8+ 1-0

[Event "BL2-West 2223"]
[Site "Germany"]
[Date "2022.10.23"]
[Round "2.4"]
[White "Stark, Lars"]
[Black "Suvorov, Alexander David"]
[Result "1/2-1/2"]
[WhiteElo "2365"]
[BlackElo "2342"]
[PlyCount "25"]
[EventDate "2022.10.22"]
[EventType "team-tourn"]
[EventRounds "10"]
[EventCountry "GER"]
[SourceTitle "EXT 2024"]
[Source "ChessBase"]
[SourceDate "2023.10.10"]
[SourceVersion "1"]
[SourceVersionDate "2023.10.10"]
[SourceQuality "1"]
[WhiteTeam "Duesseldorf"]
[BlackTeam "Koeln Porz"]
[WhiteTeamCountry "GER"]
[BlackTeamCountry "GER"]

1. c4 e5 2. g3 Nf6 3. Bg2 c6 4. d4 exd4 5. Qxd4 d5 6. Nf3 Be7 7. cxd5 Qxd5 8. Nc3 Qh5 9. Bf4 Na6 10. 0-0 0-0 11. Qe5 Qxe5 12. Bxe5 Nd7 13. Bd4 1/2-1/2

[Event "Bundesliga 2122"]
[Site "Germany"]
[Date "2022.04.10"]
[Round "4.3"]
[White "Naiditsch, Arkadij"]
[Black "Stark, Lars"]
[Result "1-0"]
[WhiteElo "2648"]
[BlackElo "2386"]
[PlyCount "87"]
[EventDate "2022.03.05"]
[EventType "team-tourn"]
[EventRounds "15"]
[EventCountry "GER"]
[SourceTitle "EXT 2023"]
[Source "ChessBase"]
[SourceDate "2022.10.05"]
[SourceVersion "1"]
[SourceVersionDate "2022.10.05"]
[SourceQuality "1"]
[WhiteTeam "Baden-Baden"]
[BlackTeam "Duesseldorf"]
[WhiteTeamCountry "GER"]
[BlackTeamCountry "GER"]

1. d4 Nf6 2. Nf3 e6 3. g3 d5 4. Bg2 Be7 5. 0-0 Nbd7 6. a4 a5 7. b3 0-0 8. Bb2 c6 9. Nbd2 b6 10. Ne5 Bb7 11. e3 Rc8 12. Rc1 Bb4 13. c3 Bd6 14. f4 c5 15. Qe2 Qe7 16. g4 Ne4 17. Nxe4 dxe4 18. Nc4 Bc7 19. Na3 Qh4 20. Nb5 Bb8 21. h3 f5 22. Qe1 Qe7 23. g5 Bd5 24. c4 Bc6 25. h4 Bxb5 26. axb5 Bd6 27. Rc2 a4 28. bxa4 Ra8 29. Qa1 Ra7 30. Bc3 cxd4 31. exd4 Bb4 32. Rb1 Bxc3 33. Qxc3 Rxa4 34. c5 Rc8 35. c6 Qd6 36. Rd2 Nf8 37. d5 exd5 38. Qb3 Ra3 39. Qxd5+ Qxd5 40. Rxd5 g6 41. Bf1 Rc3 42. Rd6 Kf7 43. Ra1 Ke7 44. Rdd1 1-0

[Event "Titled Tuesday intern op 25th Jan"]
[Site "Chess.com INT"]
[Date "2022.01.25"]
[Round "7"]
[White "Stark, Lars"]
[Black "Daneshvar, Bardiya"]
[Result "0-1"]
[WhiteElo "2386"]
[BlackElo "2405"]
[PlyCount "90"]
[EventDate "2022.01.25"]
[EventType "swiss (blitz)"]
[EventRounds "11"]
[EventCountry "USA"]
[SourceTitle "CBM 206 Extra"]
[Source "ChessBase"]
[SourceDate "2022.03.31"]
[SourceVersion "1"]
[SourceVersionDate "2022.03.31"]
[SourceQuality "1"]

1. c4 a6 2. Nc3 Nf6 3. g3 e6 4. Bg2 c5 5. Nf3 Nc6 6. 0-0 d6 7. b3 Be7 8. Bb2 0-0 9. e3 Rb8 10. d4 Qc7 11. d5 Ne5 12. Nxe5 dxe5 13. a4 exd5 14. Nxd5 Nxd5 15. Bxd5 Bh3 16. Re1 g6 17. Qf3 h5 18. Qe4 Bf5 19. Qxe5 Qxe5 20. Bxe5 Rbd8 21. Bxb7 Bd6 22. Bxd6 Rxd6 23. e4 Bg4 24. Bd5 Rb8 25. Re3 Rdb6 26. Ra3 a5 27. Kf1 Bd1 28. e5 Rxb3 29. e6 fxe6 30. Bxe6+ Kg7 31. Rexb3 Bxb3 32. Ke2 Rb4 33. Kd3 Bxa4 34. Kc3 Kf6 35. Bd5 g5 36. f4 gxf4 37. gxf4 Kf5 38. Ra2 Kxf4 39. Rf2+ Ke3 40. Rf7 Rb3+ 41. Kc2 Rb7+ 42. Kc3 Rxf7 43. Bxf7 h4 44. Kb2 Kd4 45. Ka3 Bd1 0-1

[Event "Titled Tuesday intern op 11th Jan"]
[Site "Chess.com INT"]
[Date "2022.01.11"]
[Round "2"]
[White "Elissalt Cardenas, Hector"]
[Black "Stark, Lars"]
[Result "1-0"]
[WhiteElo "2287"]
[BlackElo "2386"]
[PlyCount "81"]
[EventDate "2022.01.11"]
[EventType "swiss (blitz)"]
[EventRounds "11"]
[EventCountry "USA"]
[SourceTitle "CBM 206 Extra"]
[Source "ChessBase"]
[SourceDate "2022.03.31"]
[SourceVersion "1"]
[SourceVersionDate "2022.03.31"]
[SourceQuality "1"]

1. d4 Nf6 2. c4 e6 3. Nc3 Bb4 4. e3 b6 5. Bd3 Bb7 6. f3 0-0 7. a3 Be7 8. Nge2 c5 9. d5 Nh5 10. 0-0 f5 11. e4 g6 12. g4 fxg4 13. fxg4 Rxf1+ 14. Qxf1 Nf6 15. h3 e5 16. Bh6 d6 17. Qf2 Nbd7 18. Rf1 Bf8 19. Bg5 Bg7 20. Bc2 h6 21. Bh4 g5 22. Bg3 Nf8 23. Ba4 Rb8 24. Qf3 Bc8 25. Be1 Ng6 26. Ng3 Nh4 27. Qe2 Qe7 28. Bc2 Ng6 29. Nf5 Bxf5 30. exf5 Nf4 31. Qf3 e4 32. Bxe4 Nxe4 33. Nxe4 Re8 34. Nf2 Bxb2 35. Bd2 Ne2+ 36. Kg2 Nd4 37. Qd3 Qe2 38. Re1 Qxe1 39. Bxe1 Rxe1 40. f6 Kf8 41. Qh7 1-0

[Event "Titled Tuesday intern op 04th Jan"]
[Site "Chess.com INT"]
[Date "2022.01.04"]
[Round "8"]
[White "Sihite, Chelsie Monica"]
[Black "Stark, Lars"]
[Result "0-1"]
[WhiteElo "2252"]
[BlackElo "2386"]
[PlyCount "142"]
[EventDate "2022.01.04"]
[EventType "swiss (blitz)"]
[EventRounds "11"]
[EventCountry "USA"]
[SourceTitle "EXT 2023"]
[Source "ChessBase"]
[SourceDate "2022.10.05"]
[SourceVersion "1"]
[SourceVersionDate "2022.10.05"]
[SourceQuality "1"]

1. c4 Nf6 2. g3 e5 3. Bg2 h6 4. Nc3 Bb4 5. Nf3 Nc6 6. 0-0 Bxc3 7. dxc3 d6 8. b4 0-0 9. b5 Nb8 10. c5 e4 11. Nd2 Re8 12. cxd6 cxd6 13. Nc4 d5 14. Ne3 Be6 15. a4 Nbd7 16. Nc2 Rc8 17. Bd2 Ne5 18. Nd4 Qd7 19. f4 exf3 20. exf3 Nc4 21. Bf4 Bh3 22. Rf2 Bxg2 23. Rxg2 Ne3 24. Qd3 Nxg2 25. Kxg2 Rc4 26. Nf5 Qe6 27. Nd4 Qc8 28. Bd2 Nd7 29. Nf5 Qc5 30. Ne3 Rxe3 31. Bxe3 Rxc3 32. Bxc5 Rxd3 33. Bxa7 Ne5 34. f4 Nc4 35. a5 Rb3 36. b6 d4 37. Rd1 d3 38. Kf3 Nxa5 39. Ke4 Nc6 40. Kd5 Ra3 41. Kd6 Kh7 42. Kc7 Na5 43. Kc8 Rc3+ 44. Kb8 Kg6 45. g4 f5 46. h3 h5 47. g5 Kf7 48. Ka8 Ke6 49. Bb8 Ra3 50. Be5 g6 51. Kb8 Kd5 52. Bb2 Rb3 53. Bc1 Kc6 54. Bd2 Nc4 55. Rc1 Kd5 56. Rxc4 Kxc4 57. Kxb7 Rb2 58. Be1 Rb1 59. Bd2 Rd1 60. Ba5 Ra1 61. Bd2 Ra2 62. Be1 Re2 63. Ba5 Kb5 64. Bc3 Re7+ 65. Kc8 Kxb6 66. Kd8 Re4 67. Kd7 Kc5 68. h4 Kc4 69. Bd2 Kb3 70. Kd6 Kc2 71. Ba5 d2 0-1

[Event "Titled Tuesday intern op 04th Jan"]
[Site "Chess.com INT"]
[Date "2022.01.04"]
[Round "11"]
[White "Stark, Lars"]
[Black "Matinian, Nikita"]
[Result "0-1"]
[WhiteElo "2386"]
[BlackElo "2454"]
[PlyCount "106"]
[EventDate "2022.01.04"]
[EventType "swiss (blitz)"]
[EventRounds "11"]
[EventCountry "USA"]
[SourceTitle "EXT 2023"]
[Source "ChessBase"]
[SourceDate "2022.10.05"]
[SourceVersion "1"]
[SourceVersionDate "2022.10.05"]
[SourceQuality "1"]

1. c4 e5 2. g3 g6 3. Bg2 Bg7 4. Nc3 Nc6 5. e4 d6 6. Nge2 h5 7. h4 Bg4 8. d3 Nd4 9. Be3 Nf3+ 10. Kf1 f5 11. Qa4+ c6 12. b4 Nf6 13. b5 Qd7 14. bxc6 bxc6 15. exf5 gxf5 16. Ng1 Nxg1 17. Kxg1 e4 18. dxe4 0-0 19. Rc1 Rae8 20. Qxa7 Qxa7 21. Bxa7 Nxe4 22. Nxe4 fxe4 23. Be3 d5 24. cxd5 cxd5 25. Rc7 d4 26. Rxg7+ Kxg7 27. Bxd4+ Kg6 28. Kh2 Bf3 29. Be3 Kf5 30. Rc1 Rc8 31. Bh3+ Bg4 32. Rd1 Rc2 33. Bxg4+ Kxg4 34. Kg2 Rf3 35. Rd5 Rxg3+ 36. Kf1 Rxe3 37. fxe3 Kf3 38. Ke1 Kxe3 39. Kd1 Rxa2 40. Rxh5 Ra1+ 41. Kc2 Ke2 42. Re5 e3 43. h5 Ra6 44. Kc3 Kf2 45. Rf5+ Ke1 46. Kd3 e2 47. Ke3 Re6+ 48. Kd3 Kd1 49. Ra5 Rd6+ 50. Kc4 e1Q 51. Ra1+ Ke2 52. Rxe1+ Kxe1 53. Kc5 Rh6 0-1

[Event "Titled Tuesday intern op 04th Jan"]
[Site "Chess.com INT"]
[Date "2022.01.04"]
[Round "6"]
[White "Stark, Lars"]
[Black "Reprintsev, Alexander"]
[Result "0-1"]
[WhiteElo "2386"]
[BlackElo "2353"]
[PlyCount "102"]
[EventDate "2022.01.04"]
[EventType "swiss (blitz)"]
[EventRounds "11"]
[EventCountry "USA"]
[SourceTitle "EXT 2023"]
[Source "ChessBase"]
[SourceDate "2022.10.05"]
[SourceVersion "1"]
[SourceVersionDate "2022.10.05"]
[SourceQuality "1"]

1. c4 e5 2. g3 Bc5 3. Bg2 Nc6 4. Nc3 Nf6 5. a3 0-0 6. e3 d6 7. Nge2 Bg4 8. h3 Bh5 9. 0-0 Qd7 10. d3 a6 11. b4 Ba7 12. Qd2 h6 13. Bb2 Rad8 14. Rae1 Qc8 15. Kh2 Ne7 16. f4 Rfe8 17. e4 c6 18. f5 Bxe2 19. Qxe2 Bd4 20. g4 b5 21. h4 Nh7 22. Bh3 f6 23. Rc1 Qb7 24. Rc2 d5 25. c5 dxe4 26. dxe4 Rd7 27. Bc1 Red8 28. Bg2 a5 29. Rf3 Qa7 30. Rg3 axb4 31. axb4 Qa1 32. g5 fxg5 33. hxg5 hxg5 34. f6 gxf6 35. Bh3 Bxc3 36. Bxd7 Rxd7 37. Rcxc3 Ng6 38. Qh5 Nhf8 39. Rh3 Rh7 40. Qd1 Qxc3 41. Rxh7 Kxh7 42. Qf1 Qc2+ 43. Kg1 Kg7 44. Qe1 Ne6 45. Be3 Qxe4 46. Qf2 Nh4 47. Kh2 Nf4 48. Bxf4 Qxf4+ 49. Kg1 Qxf2+ 50. Kxf2 f5 51. Kg3 Kf7 0-1

[Event "Titled Tuesday intern op 04th Jan"]
[Site "Chess.com INT"]
[Date "2022.01.04"]
[Round "2"]
[White "Stark, Lars"]
[Black "Svane, Rasmus"]
[Result "0-1"]
[WhiteElo "2386"]
[BlackElo "2637"]
[PlyCount "62"]
[EventDate "2022.01.04"]
[EventType "swiss (blitz)"]
[EventRounds "11"]
[EventCountry "USA"]
[SourceTitle "EXT 2023"]
[Source "ChessBase"]
[SourceDate "2022.10.05"]
[SourceVersion "1"]
[SourceVersionDate "2022.10.05"]
[SourceQuality "1"]

1. c4 e6 2. g3 d5 3. Bg2 dxc4 4. Qa4+ Nd7 5. Qxc4 a6 6. Qc2 c5 7. a4 Ngf6 8. a5 Bd6 9. Nf3 0-0 10. d3 Nb8 11. Nbd2 Nc6 12. Nc4 Bc7 13. Bd2 Nd5 14. 0-0 e5 15. Rfc1 Ndb4 16. Qd1 Re8 17. Bc3 f6 18. Nfd2 Qe7 19. Nb3 Rd8 20. Qe1 Rb8 21. Nb6 Bd6 22. Nxc8 Rdxc8 23. Nd2 Qf7 24. Nc4 Bf8 25. Qd1 Kh8 26. Qa4 Nd4 27. Qd1 Rd8 28. Bxb4 cxb4 29. Nd2 Rbc8 30. e3 Nc6 31. Nc4 Qd7 0-1

[Event "Titled Tuesday intern op 04th Jan"]
[Site "Chess.com INT"]
[Date "2022.01.04"]
[Round "9"]
[White "Stark, Lars"]
[Black "Thavandiran, Shiyam"]
[Result "1/2-1/2"]
[WhiteElo "2386"]
[BlackElo "2420"]
[PlyCount "118"]
[EventDate "2022.01.04"]
[EventType "swiss (blitz)"]
[EventRounds "11"]
[EventCountry "USA"]
[SourceTitle "EXT 2023"]
[Source "ChessBase"]
[SourceDate "2022.10.05"]
[SourceVersion "1"]
[SourceVersionDate "2022.10.05"]
[SourceQuality "1"]

1. c4 c5 2. g3 Nf6 3. Bg2 e6 4. Nf3 a6 5. 0-0 Qc7 6. Nc3 Be7 7. e3 b6 8. b3 Bb7 9. Bb2 d6 10. Rc1 Nbd7 11. d4 0-0 12. d5 exd5 13. cxd5 b5 14. Nh4 Rfe8 15. e4 Bf8 16. Re1 g6 17. Nb1 Bg7 18. Nd2 Rac8 19. Ba1 Ne5 20. Ndf3 Nfd7 21. Nxe5 Bxe5 22. Bxe5 Rxe5 23. f4 Ree8 24. Qd2 c4 25. b4 c3 26. Qd4 Qb6 27. Qxb6 Nxb6 28. Bf1 Rc7 29. Bd3 Kg7 30. Kf2 Bc8 31. Re3 f5 32. a3 fxe4 33. Rxe4 Rxe4 34. Bxe4 Bb7 35. Ke3 Bxd5 36. Bxd5 Nxd5+ 37. Kd4 Nf6 38. Rxc3 Rxc3 39. Kxc3 Ng4 40. Nf3 Kf6 41. Kd4 Ke6 42. Ng5+ Kd7 43. Nxh7 Nxh2 44. Nf6+ Ke6 45. Ne4 Nf3+ 46. Ke3 Ne1 47. Kd2 Nf3+ 48. Ke3 Ne1 49. Kd2 Nf3+ 50. Ke2 Nd4+ 51. Kd3 Nf5 52. g4 Ne7 53. Ng5+ Kd5 54. Ne4 Ke6 55. Nd2 Nd5 56. Ke4 Nc3+ 57. Kd3 Nd5 58. Ke4 Nc3+ 59. Kd3 Nd5 1/2-1/2

[Event "Titled Tuesday intern op 08th June"]
[Site "Chess.com INT"]
[Date "2021.06.08"]
[Round "7"]
[White "Stark, Lars"]
[Black "Abelgas, Roel"]
[Result "1-0"]
[WhiteElo "2381"]
[BlackElo "2200"]
[PlyCount "85"]
[EventDate "2021.06.08"]
[EventType "swiss (blitz)"]
[EventRounds "11"]
[EventCountry "USA"]
[SourceTitle "CBM 202 Extra"]
[Source "ChessBase"]
[SourceDate "2021.07.31"]
[SourceVersion "1"]
[SourceVersionDate "2021.07.31"]
[SourceQuality "1"]

1. c4 Nf6 2. g3 g6 3. Bg2 d5 4. cxd5 Nxd5 5. Qb3 Nb6 6. Qc3 f6 7. h4 Bg7 8. h5 0-0 9. Qc2 f5 10. Nc3 Nc6 11. Nf3 e5 12. d3 Be6 13. Bg5 Nd4 14. Nxd4 Qxd4 15. Bxb7 Rab8 16. Be3 Qb4 17. a3 Qe7 18. Bg2 f4 19. Bd2 fxg3 20. fxg3 Nd7 21. hxg6 hxg6 22. Rc1 Nf6 23. Bg5 Bb3 24. Qd2 Qe6 25. Bxf6 Rxf6 26. Ne4 Rff8 27. Rxc7 Rf7 28. Rxf7 Qxf7 29. Rf1 Qe7 30. Kf2 Rc8 31. Rc1 Rd8 32. Kg1 Be6 33. Rf1 Bd5 34. Qa5 Be6 35. Qc5 Qxc5+ 36. Nxc5 Bg4 37. Bf3 Bh3 38. Bg2 Bg4 39. Bf3 Bh3 40. Rb1 Rc8 41. b4 Bh6 42. Kf2 Bf5 43. g4 1-0

[Event "Titled Tuesday intern op 08th June"]
[Site "Chess.com INT"]
[Date "2021.06.08"]
[Round "3"]
[White "Stark, Lars"]
[Black "Esipenko, Andrey"]
[Result "0-1"]
[WhiteElo "2381"]
[BlackElo "2716"]
[PlyCount "108"]
[EventDate "2021.06.08"]
[EventType "swiss (blitz)"]
[EventRounds "11"]
[EventCountry "USA"]
[SourceTitle "CBM 202 Extra"]
[Source "ChessBase"]
[SourceDate "2021.07.31"]
[SourceVersion "1"]
[SourceVersionDate "2021.07.31"]
[SourceQuality "1"]

1. c4 Nf6 2. g3 e5 3. Bg2 Nc6 4. Nc3 Bb4 5. Nd5 a5 6. Nf3 d6 7. 0-0 0-0 8. d4 Nxd5 9. cxd5 Nxd4 10. Nxd4 exd4 11. Qxd4 Re8 12. e4 Bc5 13. Qc3 b5 14. Be3 b4 15. Qd2 Bxe3 16. Qxe3 Bd7 17. Rfc1 Qb8 18. Rc2 Re7 19. Rac1 Bb5 20. Qd4 h6 21. h4 Qa7 22. Qxa7 Rxa7 23. f3 f5 24. Rd2 fxe4 25. fxe4 Be8 26. Kf2 Bg6 27. Ke3 Ra8 28. Kd4 Rae8 29. Re2 Kh7 30. Rc6 Ra8 31. Rec2 Ra7 32. Bf3 Be8 33. Bg4 Bxc6 34. Rxc6 g6 35. Be6 Kg7 36. e5 dxe5+ 37. Kxe5 Ra8 38. Rc5 h5 39. Rc6 Rf8 40. Rc2 Rf3 41. Rg2 Kf8 42. Ke4 Rf1 43. Kd4 c6 44. Kc5 cxd5 45. Bxd5 Rf5 46. Rd2 Re3 47. Kc6 Rxg3 48. Re2 g5 49. Be6 Rf6 50. hxg5 Rxg5 51. Kd7 Rg7+ 52. Kd6 h4 53. Ke5 Rxe6+ 54. Kxe6 Re7+ 0-1

[Event "Titled Tuesday intern op 08th June"]
[Site "Chess.com INT"]
[Date "2021.06.08"]
[Round "5"]
[White "Stark, Lars"]
[Black "Priasmoro, Novendra"]
[Result "0-1"]
[WhiteElo "2381"]
[BlackElo "2502"]
[PlyCount "60"]
[EventDate "2021.06.08"]
[EventType "swiss (blitz)"]
[EventRounds "11"]
[EventCountry "USA"]
[SourceTitle "CBM 202 Extra"]
[Source "ChessBase"]
[SourceDate "2021.07.31"]
[SourceVersion "1"]
[SourceVersionDate "2021.07.31"]
[SourceQuality "1"]

1. c4 Nf6 2. g3 g6 3. Bg2 Bg7 4. Nc3 0-0 5. e4 d6 6. Nge2 c5 7. 0-0 Nc6 8. a3 a6 9. Rb1 Rb8 10. b4 cxb4 11. axb4 b5 12. cxb5 axb5 13. d4 Bd7 14. h3 Qc8 15. Kh2 Nxd4 16. Qxd4 Ng4+ 17. hxg4 Bxd4 18. Nxd4 Qxc3 19. Be3 Qc8 20. Rfc1 Qd8 21. Ra1 e5 22. Nc6 Bxc6 23. Rxc6 Qd7 24. Rca6 Qxg4 25. Rxd6 Rfd8 26. Rf6 Kg7 27. Rfa6 Rd1 28. R1a2 Qh5+ 29. Bh3 Rbd8 30. Kg2 Rh1 0-1

[Event "Titled Tuesday intern op 01st June"]
[Site "Chess.com INT"]
[Date "2021.06.01"]
[Round "1"]
[White "Buscar, Michael"]
[Black "Stark, Lars"]
[Result "0-1"]
[WhiteElo "2088"]
[BlackElo "2381"]
[PlyCount "108"]
[EventDate "2021.06.01"]
[EventType "swiss (blitz)"]
[EventRounds "11"]
[EventCountry "USA"]
[SourceTitle "CBM 202 Extra"]
[Source "ChessBase"]
[SourceDate "2021.07.31"]
[SourceVersion "1"]
[SourceVersionDate "2021.07.31"]
[SourceQuality "1"]

1. d4 Nf6 2. c4 e6 3. Nc3 Bb4 4. e3 b6 5. Bd3 Bb7 6. Nge2 0-0 7. 0-0 d5 8. a3 Bd6 9. f3 c5 10. e4 cxd4 11. Nb5 dxc4 12. Nxd6 Qxd6 13. Bxc4 Rd8 14. Nf4 Nbd7 15. Nd3 Rac8 16. Bb5 h6 17. Qe1 e5 18. Qg3 Kh8 19. Qh3 Nf8 20. Bd2 Bc6 21. Ba6 Rc7 22. Rac1 Bd7 23. Qg3 Rxc1 24. Rxc1 Ng6 25. Bb4 Qb8 26. h4 b5 27. Ba5 Re8 28. Bc7 Qa8 29. Nxe5 Nxe5 30. Bxe5 Nh5 31. Qh2 Re6 32. Rc7 Rxa6 33. Rxd7 Qe8 34. Rb7 Rc6 35. Rb8 Rc8 36. g4 Rxb8 37. Bxb8 Nf6 38. Bxa7 Qc6 39. Qd2 Qc4 40. Bxd4 Ne8 41. Qxh6+ Kg8 42. Qd2 Qe6 43. Bc3 Nf6 44. Qd4 Qb3 45. g5 Nh5 46. Kf2 Qe6 47. Ke3 Qh3 48. Qd8+ Kh7 49. Qd6 Qf1 50. Qd3 Qg1+ 51. Kd2 Nf4 52. Qxb5 Qf2+ 53. Kc1 Ne2+ 54. Kb1 Qf1+ 0-1

[Event "Titled Tuesday intern op 09th Mar"]
[Site "Chess.com INT"]
[Date "2021.03.09"]
[Round "11"]
[White "Hansen, Eric"]
[Black "Stark, Lars"]
[Result "0-1"]
[WhiteElo "2606"]
[BlackElo "2381"]
[PlyCount "106"]
[EventDate "2021.03.09"]
[EventType "swiss (blitz)"]
[EventRounds "11"]
[EventCountry "USA"]
[SourceTitle "CBM 201 Extra"]
[Source "ChessBase"]
[SourceDate "2021.05.31"]
[SourceVersion "1"]
[SourceVersionDate "2021.05.31"]
[SourceQuality "1"]

1. e4 e6 2. d4 d5 3. Nc3 Nf6 4. Bg5 dxe4 5. Nxe4 Be7 6. Bxf6 gxf6 7. Nf3 f5 8. Nc3 a6 9. g3 b5 10. Bg2 Bb7 11. 0-0 0-0 12. Ne5 Bxg2 13. Kxg2 Bf6 14. Qf3 Ra7 15. Rad1 Qe7 16. Ne2 c5 17. c3 cxd4 18. cxd4 Rc7 19. Nf4 Nd7 20. Rfe1 Nxe5 21. dxe5 Bg7 22. Nh5 Kh8 23. h4 Rfc8 24. Qe3 Rc2 25. Rd6 Qb7+ 26. Kh3 h6 27. Red1 Qe4 28. Qxe4 fxe4 29. Nxg7 Kxg7 30. R1d2 Rxd2 31. Rxd2 Rc5 32. Re2 Rxe5 33. f4 Rd5 34. Rxe4 Rd2 35. Rb4 h5 36. a4 bxa4 37. Rxa4 Rxb2 38. Rxa6 Kg6 39. Ra5 f6 40. Rc5 Re2 41. f5+ exf5 42. Rc8 f4 43. gxf4 Kf5 44. Rc5+ Kxf4 45. Rxh5 Re3+ 46. Kg2 Kg4 47. Rh8 Re2+ 48. Kf1 Rh2 49. Rg8+ Kf3 50. Rg6 Rh1+ 51. Rg1 Rxh4 52. Ke1 Re4+ 53. Kd2 f5 0-1

[Event "Titled Tuesday intern op 09th Mar"]
[Site "Chess.com INT"]
[Date "2021.03.09"]
[Round "3"]
[White "Stark, Lars"]
[Black "Begunov, Konstantin"]
[Result "1-0"]
[WhiteElo "2381"]
[BlackElo "2325"]
[PlyCount "101"]
[EventDate "2021.03.09"]
[EventType "swiss (blitz)"]
[EventRounds "11"]
[EventCountry "USA"]
[SourceTitle "CBM 201 Extra"]
[Source "ChessBase"]
[SourceDate "2021.05.31"]
[SourceVersion "1"]
[SourceVersionDate "2021.05.31"]
[SourceQuality "1"]

1. c4 c6 2. g3 d5 3. Nf3 Nf6 4. Bg2 Bg4 5. cxd5 cxd5 6. Ne5 Bf5 7. Qb3 Qc7 8. Nc3 Nbd7 9. Nxd7 Qxd7 10. Nxd5 Be6 11. Nxf6+ exf6 12. Qxb7 Rc8 13. Qxd7+ Kxd7 14. 0-0 Bd6 15. Re1 f5 16. d3 Rc2 17. Be3 Rxb2 18. Bxa7 Rxa2 19. Rxa2 Bxa2 20. Bd4 Rg8 21. Ra1 Be6 22. Ra7+ Bc7 23. Be5 Rc8 24. Bxg7 Ke8 25. Bb7 Rb8 26. Bc6+ Kd8 27. Bf6+ Kc8 28. Ra8 Rxa8 29. Bxa8 Kd7 30. Kg2 Bb6 31. e3 Kd6 32. d4 Ba5 33. Kf3 Be1 34. Ke2 Ba5 35. Kf3 Be1 36. Bb7 Ba5 37. Kf4 Be1 38. f3 Bf2 39. Ba6 Bg1 40. h4 Bf2 41. Bd3 Kc6 42. Be5 Kd7 43. h5 Ke7 44. h6 f6 45. Bc7 Kf7 46. Bxf5 Bxf5 47. Kxf5 Bxe3 48. d5 Bxh6 49. d6 Ke8 50. Ke6 Kf8 51. d7 1-0